| 000 | 00780nam a22001937a 4500 | ||
|---|---|---|---|
| 999 |
_c19343 _d19343 |
||
| 008 | 240223b ||||| |||| 00| 0 eng d | ||
| 020 | _a978-1-11969695-7 (hardback) | ||
| 082 |
_22023 _aDC 515.35 _bC349 |
||
| 100 |
_aChakraverty, Snehashish, author. _953267 |
||
| 245 |
_aComputational fractional dynamical systems : _bfractional differential equations and applications / _cSnehashish Chakraverty, Rajarama Mohan Jena, Subrat Kumar Jena. |
||
| 260 |
_aHoboken, NJ : _bWiley, _c2023. |
||
| 300 |
_a249 pages : _billustrations ; _c28 cm. |
||
| 500 | _aIncludes index. | ||
| 650 |
_aFractional differential equations. _953268 |
||
| 700 |
_aJena, Rajarama Mohan, author. _953269 |
||
| 700 |
_aJena, Subrat Kumar, author. _953270 |
||
| 365 |
_b12,150.00 _cPhp |
||
| 942 |
_2ddc _cDC |
||